[Event "Campo Grande op 2nd"]
[Site "Campo Grande"]
[Date "2014.09.07"]
[Round "5"]
[White "Marques Nogueira, Livia"]
[Black "Borges Batista de Souza, Ana Luiza"]
[Result "0-1"]
[WhiteElo "1768"]
[BlackElo "1800"]
[PlyCount "68"]
[EventDate "2014.09.05"]
[EventType "swiss"]
[EventRounds "5"]
[EventCountry "BRA"]
[SourceTitle "CBM 162 Extra"]
[Source "ChessBase"]
[SourceDate "2014.10.17"]
[SourceVersion "1"]
[SourceVersionDate "2014.10.17"]
[SourceQuality "1"]

1. e4 e5 2. d3 Nf6 3. Nf3 Nc6 4. Nc3 Be7 5. Bg5 0-0 6. Bxf6 Bxf6 7. Be2 d6 8. 0-0 b6 9. h3 Be6 10. a4 Nb4 11. Qd2 a5 12. d4 exd4 13. Nxd4 Bxd4 14. Qxd4 c5 15. Qd2 Ra7 16. Nb5 Rb7 17. c3 Nc6 18. Nxd6 Rd7 19. Bb5 Rxd6 20. Qe2 Bd7 21. Bxc6 Bxc6 22. e5 Re6 23. Rad1 Qe8 24. Rfe1 Bxa4 25. Rd3 Bb5 26. Re3 Bxe2 27. R1xe2 Qa4 28. Rg3 Rfe8 29. Ree3 Rxe5 30. Ref3 g6 31. Rg4 Qd7 32. Rh4 Rf5 33. Rg3 Qc7 34. Rgg4 Re1# 0-1

[Event "Campo Grande op 2nd"]
[Site "Campo Grande"]
[Date "2014.09.06"]
[Round "2"]
[White "Leite, Coraci de Jesus"]
[Black "Marques Nogueira, Livia"]
[Result "1-0"]
[WhiteElo "1813"]
[BlackElo "1768"]
[PlyCount "49"]
[EventDate "2014.09.05"]
[EventType "swiss"]
[EventRounds "5"]
[EventCountry "BRA"]
[SourceTitle "CBM 162 Extra"]
[Source "ChessBase"]
[SourceDate "2014.10.17"]
[SourceVersion "1"]
[SourceVersionDate "2014.10.17"]
[SourceQuality "1"]

1. e4 e5 2. Bc4 Nf6 3. Nf3 d6 4. d3 Nc6 5. Nc3 Bg4 6. Be3 Bxf3 7. Qxf3 Be7 8. a3 0-0 9. 0-0 Na5 10. Ba2 Nc6 11. Ne2 a5 12. Qh3 g6 13. f4 exf4 14. Bxf4 Ne5 15. Bh6 Re8 16. Nf4 Nfg4 17. Nd5 Nxh6 18. Nxe7+ Rxe7 19. Qxh6 Ra6 20. Qf4 a4 21. d4 Nc6 22. Bxf7+ Kg7 23. Qf6+ Kf8 24. Be6+ Ke8 25. Qf8# 1-0